Statistics for Colorado Avalanche Captains

Click here to take the quiz!

General Stats

  • This quiz has been taken 13 times
    (10 since last reset)
  • The average score is 6 of 12

Answer Stats

YearsAnswer% Correct
2010-11Adam Foote
100%
1991 | 1993-09Joe Sakic
100%
2013-CurrentGabriel Landeskog
100%
1986-90Peter Stastny
80%
2012Milan Hejduk
70%
1991Steven Finn
30%
1980-81Marc Tardif
20%
1983-86Mario Marois
10%
1982Robbie Ftorek
0%
1982Andre Dupont
0%
1992Mike Hough
0%

Score Distribution

Percentile by Number Answered

Percent of People with Each Score

Your Score History

You have not taken this quiz since the last reset